| 000 | 00908nam a22002417a 4500 | ||
|---|---|---|---|
| 999 |
_c10598 _d10598 |
||
| 003 | AR-CdUCM | ||
| 008 | 190401b ||||| |||| 00| 0 spa d | ||
| 040 |
_aMUNICIPALIDAD PROVINCIAL DEL CUSCO _cBIBLIOTECA MUNICIPAL DEL CUSCO |
||
| 082 |
_a813 / _bW78 N / 1960. |
||
| 100 |
_aWolfe, Thomas _927552 |
||
| 245 | _aAcuerdate del angel / | ||
| 260 |
_aBuenos Aires : _bTalleres graficosStilcograf, _c1960. |
||
| 300 |
_a87 paginas ; _c20 cm. |
||
| 500 | _aTitulo original :Homeward angel | ||
| 505 | _aContenido :La impureza del nido -- Sobre la otra dimensión nacional -- La "elegia" inconclusa -- Crónicas -- Crónica de arte -- Música -- Teatro... | ||
| 650 |
_aNovela Americana _94188 |
||
| 650 |
_aSiglo XX _98 |
||
| 650 |
_aArte, teatro y música _927553 |
||
| 700 |
_aLopéz Noguerol, Oswaldo (Traductor) _927554 |
||
| 700 |
_aKetti, Frings _927555 |
||
| 942 |
_2ddc _cLIBROS |
||
| 945 | _awnts | ||